| 000 | 00658nam a2200265Ia 4500 | ||
|---|---|---|---|
| 005 | 20250425161929.0 | ||
| 008 | 250425s9999 xx 000 0 und d | ||
| 020 | _a9701026942 | ||
| 041 | _aspa | ||
| 043 | _amx | ||
| 082 | _a658 | ||
| 100 | _aFLEITMAN, JACK | ||
| 245 | 0 | _aNEGOCIOS EXITOSOS: COMO EMPEZAR, ADMINISTRAR Y OPERAR EFICIENTEMENTE UN NEGOCIO | |
| 250 | _a1A ED. | ||
| 260 |
_aMéxico _bMCGRAW-HILL _c2000 |
||
| 260 | _aS.L. | ||
| 300 | _a383 | ||
| 650 | _aADMINISTRACION EMPRESARIAL | ||
| 650 | _aADMINISTRACION-TECNICAS | ||
| 650 | _aEXITO | ||
| 650 | _aNEGOCIOS | ||
| 710 | _aMCGRAW-HILL | ||
| 942 | _c01 | ||
| 010 | _a35313 | ||
| 999 |
_c219085 _d219085 |
||